000 00322nam a2200133Ia 4500
008 231129s1968||||xx |||||||||||||| ||spa||
040 _bspa
082 _a193 R631
100 _aRobberechts Ludovic
245 0 _aEl pensamiento de Husserl
260 _c1968
264 _aFondo de Cultura Económica
942 _2ddc
_cBKS
999 _c12027
_d12027